[Event "GER-ch Net qual3 U18"]
[Site "Playchess.com INT"]
[Date "2009.05.17"]
[Round "4"]
[White "Bahner, Jochen"]
[Black "Laemmel, Sebastian"]
[Result "0-1"]
[WhiteElo "1606"]
[BlackElo "1681"]
[PlyCount "122"]
[EventDate "2009.05.17"]
[EventType "swiss (blitz)"]
[EventRounds "7"]
[EventCountry "GER"]
[SourceTitle "CBM 130 Extra"]
[Source "ChessBase"]
[SourceDate "2009.07.02"]
[SourceVersion "2"]
[SourceVersionDate "2009.07.15"]
[SourceQuality "1"]

1. e4 e6 2. d4 d5 3. exd5 exd5 4. Nf3 Nf6 5. Bd3 Bd6 6. 0-0 0-0 7. c3 c6 8. Bg5 Bg4 9. h3 Bh5 10. Nbd2 Nbd7 11. Qc2 Qc7 12. Rfe1 Rae8 13. Bxf6 Nxf6 14. Ng5 h6 15. Ngf3 Bxf3 16. Nxf3 Rxe1+ 17. Rxe1 Re8 18. Rxe8+ Nxe8 19. Qe2 Qe7 20. Qxe7 Bxe7 21. Ne5 Nf6 22. f3 Bd6 23. Kf2 Kf8 24. g4 Ke7 25. Ke3 Bxe5 26. dxe5 Nd7 27. f4 c5 28. Bf5 Nb6 29. b3 g6 30. Bc2 Nd7 31. h4 Nf8 32. b4 b6 33. Bb3 Ke6 34. a3 Nd7 35. Ba4 Nf8 36. Bc6 Nd7 37. Bb7 f6 38. Bc8 fxe5 39. Bxd7+ Kxd7 40. fxe5 Ke6 41. Kf4 cxb4 42. axb4 a5 43. g5 h5 44. bxa5 bxa5 45. Ke3 Kxe5 46. Kd3 a4 47. Kc2 Ke4 48. Kb2 Kd3 49. Ka3 Kxc3 50. Kxa4 d4 51. Ka5 d3 52. Kb5 d2 53. Kb6 d1Q 54. Kc6 Qd4 55. Kc7 Qe5+ 56. Kc8 Qe6+ 57. Kb7 Kc4 58. Kb8 Qf7 59. Kc8 Kc5 60. Kb8 Kb6 61. Ka8 Qa7# 0-1

[Event "GER-ch Net qual2 U18"]
[Site "Playchess.com INT"]
[Date "2009.05.13"]
[Round "6"]
[White "Czybik, Nils Patrick"]
[Black "Bahner, Jochen"]
[Result "1-0"]
[WhiteElo "2093"]
[BlackElo "1606"]
[PlyCount "39"]
[EventDate "2009.05.13"]
[EventType "swiss (blitz)"]
[EventRounds "7"]
[EventCountry "GER"]
[SourceTitle "CBM 130 Extra"]
[Source "ChessBase"]
[SourceDate "2009.07.02"]
[SourceVersion "2"]
[SourceVersionDate "2009.07.15"]
[SourceQuality "1"]

1. Nf3 Nf6 2. g3 d6 3. d4 c6 4. Bg2 Nbd7 5. 0-0 g6 6. b3 Bg7 7. Bb2 0-0 8. Nbd2 c5 9. e4 cxd4 10. Bxd4 b6 11. e5 dxe5 12. Nxe5 Rb8 13. Nc6 Qc7 14. Nxb8 Qxb8 15. Re1 e6 16. Nc4 b5 17. Ne5 Nxe5 18. Bxe5 Qb6 19. Qd6 Qa5 20. a4 1-0

[Event "GER-ch Net qual1 U18"]
[Site "Playchess.com INT"]
[Date "2009.05.10"]
[Round "4"]
[White "Bahner, Jochen"]
[Black "Kim, Oi Sin"]
[Result "0-1"]
[WhiteElo "1606"]
[BlackElo "2095"]
[PlyCount "112"]
[EventDate "2009.05.10"]
[EventType "swiss (blitz)"]
[EventRounds "7"]
[EventCountry "GER"]
[SourceTitle "CBM 130 Extra"]
[Source "ChessBase"]
[SourceDate "2009.07.02"]
[SourceVersion "2"]
[SourceVersionDate "2009.07.15"]
[SourceQuality "1"]

1. e4 c5 2. c3 e6 3. Nf3 Nf6 4. e5 Nd5 5. d4 cxd4 6. cxd4 d6 7. Bc4 Nc6 8. 0-0 Be7 9. Bxd5 exd5 10. Nc3 Be6 11. Bf4 0-0 12. Nb5 dxe5 13. Nxe5 Na5 14. Rc1 Qb6 15. Nc7 Rac8 16. Nxe6 Qxe6 17. Re1 Qf5 18. Qd2 Bd8 19. Rxc8 Qxc8 20. Rc1 Qf5 21. Bg3 h5 22. Rc5 Qb1+ 23. Rc1 Qxa2 24. Qe2 h4 25. Bf4 Nb3 26. Re1 Nxd4 27. Qd1 Ne6 28. Be3 Bc7 29. Nd3 d4 30. Bc1 Qd5 31. g3 hxg3 32. hxg3 Qf5 33. Nb4 Bd6 34. Nc2 Be5 35. Bd2 Rc8 36. Na1 Bf6 37. Nb3 Qd5 38. Bb4 b6 39. Bd2 a5 40. Nc1 Qc4 41. Ne2 Qc2 42. Qa1 d3 43. Nc3 Nd4 44. Be3 Nf3+ 45. Kg2 Nxe1+ 46. Qxe1 Bxc3 47. bxc3 Qxc3 48. Bd2 Qc6+ 49. Kg1 Re8 50. Qf1 Qe4 51. Bf4 Qe1 52. Kg2 d2 53. Qxe1 dxe1Q 54. Bd6 Qe4+ 55. Kh3 Qc6 56. g4 Qxd6 0-1

[Event "GER-ch Net qual1 U18"]
[Site "Playchess.com INT"]
[Date "2009.05.10"]
[Round "7"]
[White "Begri, Felix"]
[Black "Bahner, Jochen"]
[Result "0-1"]
[WhiteElo "1710"]
[BlackElo "1606"]
[PlyCount "62"]
[EventDate "2009.05.10"]
[EventType "swiss (blitz)"]
[EventRounds "7"]
[EventCountry "GER"]
[SourceTitle "CBM 130 Extra"]
[Source "ChessBase"]
[SourceDate "2009.07.02"]
[SourceVersion "2"]
[SourceVersionDate "2009.07.15"]
[SourceQuality "1"]

1. d4 Nf6 2. c4 g6 3. Nc3 Bg7 4. e4 d6 5. f3 0-0 6. g4 Nbd7 7. Be3 e5 8. d5 Nb6 9. Bd3 Nbd7 10. Nge2 b6 11. Qd2 Nc5 12. Bc2 Qe7 13. h4 Ba6 14. b3 Bc8 15. h5 Bd7 16. Bh6 Ne8 17. 0-0-0 a5 18. a4 Bxh6 19. Qxh6 g5 20. f4 gxf4 21. g5 f5 22. gxf6 Nxf6 23. Rdg1+ Ng4 24. Rxg4+ Bxg4 25. Rg1 Qh4 26. Nb5 f3 27. Nec3 f2 28. Rf1 Bh3 29. Bd3 Nxd3+ 30. Kb1 Bxf1 31. Qxd6 cxd6 0-1

[Event "Baden-ch U16"]
[Site "Schoeneck"]
[Date "2009.01.03"]
[Round "4"]
[White "Bahner, Jochen"]
[Black "Prautzsch, Simon"]
[Result "0-1"]
[WhiteElo "1313"]
[BlackElo "1196"]
[PlyCount "100"]
[EventDate "2009.01.02"]
[EventType "swiss"]
[EventRounds "7"]
[EventCountry "GER"]
[SourceTitle "EXT 2010"]
[Source "ChessBase"]
[SourceDate "2010.11.25"]
[SourceVersion "1"]
[SourceVersionDate "2010.11.25"]
[SourceQuality "1"]

1. e4 e5 2. Nf3 Nc6 3. Bc4 Bc5 4. c3 Nf6 5. d3 d6 6. 0-0 h6 7. b4 Bb6 8. a4 a5 9. b5 Ne7 10. Ba3 0-0 11. Nbd2 c6 12. h3 Re8 13. Qb3 d5 14. Nxe5 dxc4 15. Ndxc4 Bc7 16. Rad1 Be6 17. Nf3 Qd7 18. bxc6 bxc6 19. Qc2 Bxh3 20. gxh3 Qxh3 21. Nfe5 Ng4 22. f4 g5 23. Qg2 Qxg2+ 24. Kxg2 Bxe5 25. fxe5 Ng6 26. Bd6 N6xe5 27. Bxe5 Nxe5 28. Nxe5 Rxe5 29. Rf6 Re6 30. Rdf1 Rf8 31. R1f5 Kg7 32. Rxe6 fxe6 33. Rxa5 g4 34. Ra7+ Kg6 35. Rc7 Rf3 36. Rxc6 Kf6 37. a5 h5 38. a6 Rxd3 39. a7 Rd2+ 40. Kg1 Ra2 41. Rc7 h4 42. Rh7 h3 43. c4 Kg5 44. Rd7 g3 45. Rd1 Rxa7 46. c5 Ra2 47. Rc1 Kg4 48. c6 h2+ 49. Kh1 Kh4 50. c7 Kh3 0-1

[Event "Baden-ch U16"]
[Site "Schoeneck"]
[Date "2009.01.03"]
[Round "2"]
[White "Bahner, Jochen"]
[Black "Walther, Jochen"]
[Result "1/2-1/2"]
[WhiteElo "1313"]
[BlackElo "1589"]
[PlyCount "84"]
[EventDate "2009.01.02"]
[EventType "swiss"]
[EventRounds "7"]
[EventCountry "GER"]
[SourceTitle "EXT 2010"]
[Source "ChessBase"]
[SourceDate "2010.11.25"]
[SourceVersion "1"]
[SourceVersionDate "2010.11.25"]
[SourceQuality "1"]

1. e4 e5 2. Nf3 Nc6 3. Bc4 Bc5 4. c3 Nf6 5. d3 h6 6. 0-0 0-0 7. b4 Bb6 8. a4 a6 9. Ba3 d6 10. b5 axb5 11. axb5 Na5 12. Bb4 Be6 13. Bxe6 fxe6 14. Nbd2 Qd7 15. Bxa5 Rxa5 16. Rxa5 Bxa5 17. Qb3 Qf7 18. Nc4 Ra8 19. Ra1 b6 20. Nxa5 bxa5 21. Ra4 Nd7 22. d4 exd4 23. cxd4 e5 24. Qxf7+ Kxf7 25. dxe5 dxe5 26. Kf1 Ke6 27. Rc4 Ra7 28. Rc6+ Ke7 29. Ke2 a4 30. Nd2 Nf6 31. Ra6 Rb7 32. Rxa4 Rxb5 33. Rc4 Kd6 34. Ke3 g5 35. h3 Nd7 36. g3 Ra5 37. Rc3 Rc5 38. Rxc5 Kxc5 39. f4 gxf4+ 40. gxf4 Kd6 41. f5 Ke7 42. h4 Kd6 1/2-1/2

[Event "Baden-ch U16"]
[Site "Schoeneck"]
[Date "2009.01.02"]
[Round "1"]
[White "Maier, Florian"]
[Black "Bahner, Jochen"]
[Result "1-0"]
[WhiteElo "1800"]
[BlackElo "1313"]
[PlyCount "61"]
[EventDate "2009.01.02"]
[EventType "swiss"]
[EventRounds "7"]
[EventCountry "GER"]
[SourceTitle "EXT 2010"]
[Source "ChessBase"]
[SourceDate "2010.11.25"]
[SourceVersion "1"]
[SourceVersionDate "2010.11.25"]
[SourceQuality "1"]

1. d4 Nf6 2. Nf3 g6 3. Bf4 Bg7 4. e3 d6 5. Bc4 0-0 6. 0-0 Nbd7 7. Nbd2 h6 8. e4 Nb6 9. Bd3 Bg4 10. h3 Bxf3 11. Nxf3 e6 12. Qc1 Kh7 13. Rd1 Ng8 14. c3 f5 15. exf5 exf5 16. c4 Qf6 17. Bd2 Rac8 18. Bc3 Qf7 19. b3 Rfe8 20. Qc2 Nd7 21. Re1 Ngf6 22. Nh4 Rxe1+ 23. Rxe1 Nf8 24. Nxf5 Ne6 25. d5 gxf5 26. Bxf5+ Kh8 27. Bxe6 Qf8 28. Bxc8 Qxc8 29. Re6 Qf8 30. Qg6 Ng8 31. Re8 1-0